书目信息

书名: 俄国文学史略 
作者: 郑振铎,
出版信息: 海口   海南出版社  2025.1
开本页数: 23cm  144页
丛书名: 大家学术文库
单 册:
中图分类: I5
科图分类:
主题词: 俄罗斯文学--e luo si wen xue--文学史
电子资源:
ISBN: 978-7-5730-1829-8
000 01061nam 2200265 450
001 012025000149
005 20250110153608.0
010    @a978-7-5730-1829-8@dCNY39.00
100    @a20250110d2025 em y0chiy50 ea
101 @achi
102    @aCN@b460000
105    @ac z 000yy
106    @ar
200 @a俄国文学史略@Ae guo wen xue shi lve@f郑振铎著
210    @a海口@c海南出版社@d2025.1
215    @a144页@c肖像@d23cm
225 @a大家学术文库@Ada jia xue shu wen ku
314    @a郑振铎 (1898-1958年), 福建长乐人, 中国作家、文学史家。曾任上海商务印书馆编辑、燕京大学教授、暨南大学文学院院长、文化部副部长。
330    @a本书选择文学史的途径, 较为系统、概括地介绍俄国文学历史及其代表性作家作品。这也是中国这方面较早的专著, 完整系统地勾勒了俄国文学发展史的基本线索, 对帮助读者了解俄国文学起着积极作用。
410  0 @12001 @a大家学术文库
606 @a俄罗斯文学@Ae luo si wen xue@x文学史
690    @aI5@v5
701  0 @a郑振铎,@Azheng zhen duo@f1898-1958@4著
801  0 @aCN@bCDNYKJZYXY@c20250110
905    @aCDNYKJZYXY@b300735618-20@dI5@e405@f3
    
    俄国文学史略/郑振铎著.-海口:海南出版社,2025.1
    144页:肖像;23cm.-(大家学术文库)
    
    
    ISBN 978-7-5730-1829-8:CNY39.00
    本书选择文学史的途径, 较为系统、概括地介绍俄国文学历史及其代表性作家作品。这也是中国这方面较早的专著, 完整系统地勾勒了俄国文学发展史的基本线索, 对帮助读者了解俄国文学起着积极作用。
相关链接 在五车中查询图书 在当当中查询图书 在豆瓣中查询图书


正题名:俄国文学史略     索取号:I5/405         预约/预借

序号 登录号 条形码 馆藏地/架位号 状态 备注
1 735618   300735618   流通书库/ [索取号:I5/405] 在馆    
2 735619   300735619   流通书库/ [索取号:I5/405] 在馆    
3 735620   300735620   流通书库/ [索取号:I5/405] 在馆